| 000 | 01040cam a2200253 a 4500 | ||
|---|---|---|---|
| 005 | 20131115035746.0 | ||
| 008 | 030425s2003 lu z i000 0 eng d | ||
| 020 | _a9278401250 | ||
| 041 | 0 | _aeng | |
| 080 | _a341(4) | ||
| 245 | 0 | 0 | _aEuropean Union : |
| 246 | 3 | 0 | _aConsolidated versions of the Treaty on European Union and the Treaty Establishing the European Community |
| 246 | 1 | 4 | _aEuropean Union, consolidated treaties |
| 246 | 1 | 8 | _aConsolidated treaties |
| 260 |
_aLuxembourg : _bOffice for Official Publications of the European Communities, _c2003. |
||
| 300 |
_a184 p. ; _c25 cm. |
||
| 500 | _a"FX-49-02-288-EN-C"--P. [4] of cover. | ||
| 610 | 2 | 0 | _aUnioni Europian |
| 650 | 0 | _aFederata europiane | |
| 651 | 0 |
_aEurope _xIntegrimi ekonomik |
|
| 730 | 0 | 2 |
_aTreaty on European Union _d(1992) |
| 730 | 0 | 2 |
_aTreaty Establishing the European Economic Community _d(1957) |
| 942 |
_2udc _cBK |
||
| 999 |
_c325 _d325 |
||